LIBRARY & INFORMATION CENTRE, KCAET, TAVANUR

ONLINE PUBLIC ACCESS CATALOGUE (OPAC)

Janardhaka shreshtaka kahani / (Record no. 3407)

MARC details
000 -LEADER
fixed length control field 00376cam a2200145ua 4500
041 ## - LANGUAGE CODE
Language code of text/sound track or separate title eng
082 ## - DEWEY DECIMAL CLASSIFICATION NUMBER
Classification number 891.43
Item number JAM/JA
100 ## - MAIN ENTRY--AUTHOR NAME
Personal name Jaimanth, Kuman .
245 ## - TITLE STATEMENT
Title Janardhaka shreshtaka kahani /
260 ## - PUBLICATION, DISTRIBUTION, ETC. (IMPRINT)
Place of publication Mumbai :
Name of publisher Hindi grandhath ramnakaran ,
Year of publication 1964.
300 ## - PHYSICAL DESCRIPTION
Number of Pages 203 ; .
942 ## - ADDED ENTRY ELEMENTS (KOHA)
Koha item type Books
Holdings
Withdrawn status Lost status Damaged status Home library Current library Date acquired Full call number Accession Number Koha item type
Withdrawn     KAUAET Sanskrit University 07/04/2012 891.43 2884 Books
free website counter